Valuation for mergers and acquisitions (Record no. 115053)

MARC details
000 -LEADER
fixed length control field 00859cam a22002295a 4500
001 - CONTROL NUMBER
control field L157981
008 - FIXED-LENGTH DATA ELEMENTS--GENERAL INFORMATION
fixed length control field 130919s2013 xxk f 000 0 eng d
020 ## - INTERNATIONAL STANDARD BOOK NUMBER
International Standard Book Number 97801333725670
035 ## - SYSTEM CONTROL NUMBER
System control number (Sirsi) u157981
041 0# - LANGUAGE CODE
Language code of text/sound track or separate title eng
100 1# - MAIN ENTRY--PERSONAL NAME
Personal name Pettit, Barbara
245 00 - TITLE STATEMENT
Title Valuation for mergers and acquisitions
250 ## - EDITION STATEMENT
Edition statement 2nd edition
260 ## - PUBLICATION, DISTRIBUTION, ETC.
Place of publication, distribution, etc. Upper Saddle River
Name of publisher, distributor, etc. Pearson Education Inc
Date of publication, distribution, etc. 2013
300 ## - PHYSICAL DESCRIPTION
Extent v, 247; 24cm
520 ## - SUMMARY, ETC.
Summary, etc. Outlines a range of valution methods which can be applied when carrying out valuations for merger and acquisition purposes. Looks at discounted cash flow models, relative and direct valuations. Highlights accounting issues in valuation analysis and financial reporting and taxation issues.
590 ## - LOCAL NOTE (RLIN)
Local note KA
651 #4 - SUBJECT ADDED ENTRY--GEOGRAPHIC NAME
Geographic name International
690 ## - LOCAL SUBJECT ADDED ENTRY--TOPICAL TERM (OCLC, RLIN)
Topical term or geographic name as entry element Valuation
9 (RLIN) 6273
700 1# - ADDED ENTRY--PERSONAL NAME
Personal name Ferris, Kenneth
942 ## - ADDED ENTRY ELEMENTS (KOHA)
Suppress in OPAC 0
Holdings
Withdrawn status Lost status Source of classification or shelving scheme Damaged status Not for loan Home library Current library Shelving location Date acquired Total Checkouts Full call number Barcode Date last seen Copy number Price effective from Koha item type
    Dewey Decimal Classification     London London Books 19/09/2013   333.332 PET 30075139 06/08/2019 1 06/08/2019 Book